[Event "Prague Festival Masters 2020"]
[Site "Prague"]
[Date "2020.02.12"]
[Round "1.1"]
[White "Grandelius, Nils"]
[Black "Harikrishna, Pentala"]
[Result "1/2-1/2"]
[WhiteElo "2659"]
[BlackElo "2713"]
[Annotator "TA"]
[PlyCount "72"]
[EventDate "2020.02.12"]
[EventType "tourn"]
[EventCountry "CZE"]
[SourceTitle "playchess.com"]
[Source "ChessBase"]
[SourceQuality "1"]

{[%evp 24,72,46,37,58,23,27,24,18,29,27,23,37,16,14,15,21,20,46,45,36,43,40,0,0,0,0,0,0,0,0,0,0,0,0,0,0,0,0,-7,0,-8,-4,-4,0,-5,-5,-5,-5,-5,-5]} 1. e4 c5 2. Nf3 e6 3. d4 cxd4 4. Nxd4 Nc6 5. Nc3 Qc7 6. g3 a6 7. Bg2 Nf6 8. O-O Nxd4 9. Qxd4 Bc5 10. Bf4 d6 11. Qd2 h6 12. Rad1 e5 13. Be3 Bb4 {B47: Sicilian: Taimanov: 5 Nc3 Qc7 6 f4, 6 g3 and 6 Be2.} 14. a3 (14. Nb5 $5 axb5 15. Qxb4 $14) 14... Bxc3 $1 15. Qxc3 Qxc3 {White has an edge.} 16. bxc3 Be6 17. Rxd6 Rc8 {[#]} 18. Bb6 $146 (18. Bd2 {seems wilder.} Ke7 19. Rb6 Rhd8 20. Rxb7+ Kf8 21. Be3) ({Predecessor:} 18. Rb1 Rxc3 19. Rxb7 O-O 20. Ra7 Ng4 21. Bd2 Rxa3 22. Bf1 Rc8 23. Bd3 Ra1+ 24. Kg2 {1-0 (60) Rocco,F (2157)-Wadsworth,M (2418) Torquay 2019}) 18... O-O 19. Ba5 Rc4 $1 20. Rb6 Nxe4 21. Re1 Nxc3 22. Bxb7 Na4 23. Rxa6 Nc5 {The position is equal.} 24. Ra7 Nxb7 25. Rxb7 Rxc2 26. Rxe5 Ra2 27. Kg2 Re8 {[#] aiming for ...Bh3+!} 28. Bc7 Rxa3 29. Rb8 Rxb8 30. Bxb8 $11 {[%mdl 4096] Endgame KRB-KRB} g5 31. h3 Rd3 32. Re1 h5 33. Ba7 Kg7 34. Kh2 Kg6 35. Be3 g4 36. h4 Bd5 {Accuracy: White = 90%, Black = 95%.} 1/2-1/2

[Event "Prague Festival Masters 2020"]
[Site "Prague"]
[Date "2020.02.12"]
[Round "1.2"]
[White "Firouzja, Alireza"]
[Black "Ragger, Markus"]
[Result "1/2-1/2"]
[WhiteElo "2726"]
[BlackElo "2670"]
[Annotator "TA"]
[PlyCount "88"]
[EventDate "2020.02.12"]
[EventType "tourn"]
[EventCountry "CZE"]
[SourceTitle "playchess.com"]
[Source "ChessBase"]
[SourceQuality "1"]

{[%evp 16,88,6,0,14,18,24,18,17,19,18,14,25,16,17,7,25,0,4,10,10,12,22,8,8,0,0,0,0,0,0,0,0,0,0,0,23,23,23,23,23,23,15,16,17,22,22,22,22,22,35,0,8,0,22,0,35,0,22,0,0,0,0,0,8,0,0,0,0,0,0,0,0,0,0]} 1. e4 e5 2. Nf3 Nc6 3. Bb5 a6 4. Ba4 Nf6 5. O-O Be7 6. d3 b5 7. Bb3 d6 8. a3 O-O 9. Nc3 Na5 {C77: Ruy Lopez: 3...a6 4 Ba4 Nf6, unusual lines.} 10. Ba2 Be6 11. b4 Bxa2 12. Rxa2 Nc6 13. Bg5 Ng4 {The modern move.} 14. Bd2 Nf6 15. Re1 Qd7 16. Nd5 Nxd5 17. exd5 Na7 18. a4 c6 19. axb5 axb5 20. Qa1 {Black must now prevent dxc6.} cxd5 21. Be3 {And now c3 would win.} d4 {[#]} 22. Nxd4 $1 {[%mdl 512]} exd4 23. Bxd4 {[%mdl 64] [#] Double Attack} Bf6 $1 24. Bxf6 gxf6 {[#]} 25. h3 $146 {Strongly threatening Re3.} (25. Qxf6 {with more complications.} Nc6 26. Qg5+ Kh8 27. Qf6+ Kg8) ({Predecessor:} 25. Re3 Rfe8 26. Rg3+ Kf8 27. h3 Re6 28. c4 bxc4 29. dxc4 Qc7 30. Kh2 Qxc4 31. Rxa7 Rxa7 32. Qxa7 Qxb4 {½-½ (37) Anand,V (2774)-Svidler,P (2735) Karlsruhe/Baden Baden 2019}) 25... Rfe8 26. Rxe8+ Qxe8 27. Rxa7 Rxa7 28. Qxa7 $11 {[%mdl 4096] Endgame KQ-KQ} Qe1+ 29. Kh2 {Qb8+ is the strong threat.} Qxb4 30. Qe3 Kg7 31. d4 d5 32. Qg3+ Kf8 33. Qb8+ Kg7 34. Qg3+ Kf8 35. Qd3 Kg7 36. Kg3 Qd6+ {The position is equal.} 37. Kg4 Qe6+ 38. Kh5 f5 {[%csl Gg7][%cal Re6h6]} 39. Qg3+ Kh8 40. Qg5 Qe2+ 41. g4 fxg4 42. Qf6+ Kg8 43. Qg5+ Kh8 44. Qf6+ Kg8 {Accuracy: White = 93%, Black = 96%.} 1/2-1/2

[Event "Prague Festival Masters 2020"]
[Site "Prague"]
[Date "2020.02.12"]
[Round "1.3"]
[White "Vitiugov, Nikita"]
[Black "Anton Guijarro, David"]
[Result "1-0"]
[WhiteElo "2731"]
[BlackElo "2697"]
[Annotator "TA"]
[PlyCount "87"]
[EventDate "2020.02.12"]
[EventType "tourn"]
[EventCountry "CZE"]
[SourceTitle "playchess.com"]
[Source "ChessBase"]
[SourceQuality "1"]

{[%evp 19,87,10,26,4,22,0,0,0,0,0,45,0,0,0,0,-44,0,-47,-40,-72,-56,-54,-47,-44,-9,-7,-19,-25,0,0,0,0,0,0,0,0,37,0,26,33,26,35,55,37,34,3,47,0,0,0,0,0,52,0,118,119,320,315,672,687,797,794,654,663,1692,1635,1640,921,786,529]} 1. e4 c5 2. Nf3 Nc6 3. Bb5 g6 4. O-O Bg7 5. c3 Nf6 6. Re1 O-O 7. d4 a6 8. Bxc6 dxc6 9. h3 cxd4 10. cxd4 c5 11. d5 {B31: Sicilian: 2...Nc6 3 Bb5 g6.} b5 12. Qc2 $5 {[%mdl 4] Exploring less charted territory.} c4 {[#]} 13. a4 $146 {The position is equal.} ({Predecessor:} 13. Nc3 Nd7 14. Be3 Qc7 15. Rad1 Bb7 16. Nd4 Rac8 17. Nce2 Nc5 18. Nc1 Qe5 19. Nc6 Bxc6 20. Bxc5 {½-½ (31) Nagy,H (2098)-Diamant,T (2128) Hungary 2002}) 13... Bb7 14. Bd2 Qd7 15. axb5 axb5 16. Rxa8 Rxa8 17. Bb4 Nh5 18. Qd2 e5 19. Rd1 Nf4 20. Ne1 f5 21. f3 Bf8 22. Kh2 fxe4 23. fxe4 Bxb4 24. Qxb4 Rf8 25. Nd2 {[%cal Bb1d2,Bd2f3,Bf3g5][%mdl 32]} Bc8 {[%cal Rf4h3]} 26. Qc3 Qa7 27. Ndf3 Bxh3 28. Qxe5 Bg4 {Hoping for ...Nxg2!} 29. d6 Qf7 {White should prevent ...Nxg2!} 30. Rd2 Bd7 31. Ng5 Qg7 32. Qxg7+ Kxg7 33. g3 Ne6 34. Nxe6+ Bxe6 $11 {[%mdl 4096] Endgame KRB-KRN} 35. Nc2 {Nd4! is the strong threat.} Bd7 (35... Kf6 $1 $11) 36. Nb4 ({Better is} 36. e5 $1 $14 Re8 37. Rd5) 36... Rf3 {[#]} (36... Ra8 $11) 37. Kg2 $1 $16 {[%cal Rg2f3]} Re3 $2 {[#]} (37... c3 $16 38. Kxf3 cxd2) 38. Na6 $1 $18 Rd3 $2 (38... c3 39. bxc3 Kf8) 39. Rxd3 {White is clearly winning.} cxd3 40. Kf2 Kf6 41. Nc5 Bg4 {And now ...d2 would win.} 42. Ke3 h5 43. Kxd3 g5 44. Ke3 {Accuracy: White = 81%, Black = 56%.} 1-0

[Event "Prague Festival Masters 2020"]
[Site "Prague"]
[Date "2020.02.12"]
[Round "1.4"]
[White "Vidit, Santosh Gujrathi"]
[Black "Shankland, Sam"]
[Result "1-0"]
[WhiteElo "2721"]
[BlackElo "2683"]
[Annotator "TA"]
[PlyCount "63"]
[EventDate "2020.02.12"]
[EventType "tourn"]
[EventCountry "CZE"]
[SourceTitle "playchess.com"]
[Source "ChessBase"]
[SourceQuality "1"]

{[%evp 15,63,7,-7,0,22,-3,0,-3,0,0,0,-2,-5,-11,-5,-12,91,50,111,104,97,104,102,110,100,100,105,100,107,102,108,111,177,137,179,175,357,357,357,357,356,354,398,412,512,508,885,841,1496,1430]} 1. d4 Nf6 2. c4 e6 3. Nc3 Bb4 4. e3 O-O 5. Bd2 b6 6. Nf3 Bb7 7. Bd3 d5 8. cxd5 exd5 9. Rc1 {E52: Nimzo-Indian: Rubinstein: 4...0-0 5 Nf3 d5 6 Bd3 b6.} Re8 {[#] 9...Be7 is the modern continuation.} 10. Nb5 $5 $146 {[%mdl 8] An interesting novelty.} ({Predecessor:} 10. O-O a6 11. Ne5 Bd6 12. f4 c5 13. Be1 cxd4 14. exd4 Nc6 15. Ne2 Ne7 16. Qb3 {0-1 (36) Gupta,A (2581)-Meskovs,N (2557) chess.com INT 2019}) 10... Nc6 11. O-O {[#] And now Rxc6! would win.The position is equal.} Bf8 12. a3 a6 13. Nc3 Bd6 14. b4 Nb8 15. Qb3 c6 (15... Nbd7 $11 {keeps the balance.}) 16. Qb1 Bc8 ({Black should try} 16... Nbd7 $14) 17. e4 $16 dxe4 18. Nxe4 Nxe4 19. Bxe4 h6 20. Rfd1 Ra7 21. Ne5 Rc7 22. h3 (22. Nxc6 $6 Nxc6 23. Rxc6 (23. Bxc6 Bxh2+ {[%mdl 64] Decoy} 24. Kxh2 Qd6+ {[%mdl 64] Double Attack} 25. Kg1 Rxc6 $11) 23... Rxc6 $11) 22... Qh4 23. Re1 {Strongly threatening Nc4.} Rce7 (23... Be6 $16 {keeps fighting.}) 24. Bh7+ $18 Kf8 25. Re4 $36 {[%mdl 2048] Black is under strong pressure.} Qf6 $2 {[#]} (25... Qh5 {was worth a try.} 26. Bf4 (26. Nxc6 Nxc6 27. Rxc6 {[%mdl 64] Double Attack} Bf5 $11) 26... Bf5 27. Nd7+ Nxd7 28. Bxd6 {[%mdl 64] Pin} Bxe4 29. Bxe4 Qg5 30. Bxc6 (30. Rxc6 Kg8 $16) (30. Bxe7+ Rxe7 31. Bxc6 Nf6 $16) 30... Kg8) 26. Rf4 Bxe5 27. Rxf6 Bxf6 28. Bf4 Bg5 29. Bd6 ({Less strong is} 29. Bxb8 Bxc1 30. Bd6 Bf4 $16) 29... g6 30. Bxg6 {White is clearly winning.} fxg6 (30... Bxc1 $142 31. Qxc1 Kg7) 31. Qxg6 Nd7 32. Rc3 {Accuracy: White = 91%, Black = 48%.} 1-0

[Event "Prague Festival Masters 2020"]
[Site "Prague"]
[Date "2020.02.12"]
[Round "1.5"]
[White "Navara, David"]
[Black "Duda, Jan-Krzysztof"]
[Result "0-1"]
[WhiteElo "2717"]
[BlackElo "2755"]
[Annotator "TA"]
[PlyCount "72"]
[EventDate "2020.02.12"]
[EventType "tourn"]
[EventCountry "CZE"]
[SourceTitle "playchess.com"]
[Source "ChessBase"]
[SourceQuality "1"]

{[%evp 16,72,22,12,19,25,19,-33,61,25,18,-15,-12,-13,-16,-81,-70,-87,-79,-74,-60,-53,-58,-56,-62,-91,-98,-112,-125,-152,-144,-143,-152,-151,-151,-159,-160,-207,-185,-243,-233,-414,-411,-408,-408,-394,-367,-462,-429,-662,-695,-648,-634,-797,-779,-899,-875,-852,-818]} 1. e4 c5 2. Nf3 d6 3. d4 cxd4 4. Nxd4 Nf6 5. Nc3 a6 6. h3 e6 7. g4 h6 8. Bg2 Nc6 9. Be3 Be7 $1 {[%mdl 4] is currently scoring better than 9...Ne5. Played by Jan Krzysztof Duda in February 2020. B81: Sicilian Scheveningen: Keres Attack.} 10. f4 Nd7 11. Nf3 {[#]} (11. Bf2 $11) 11... g5 $1 $146 {[%mdl 8] A relevant novelty.} ({Better is} 11... b5 $15) ({Predecessor:} 11... b5 12. O-O O-O 13. Ne2 Bb7 14. Ng3 Rc8 15. Qd2 Nb6 16. b3 d5 17. Qf2 Nd7 18. exd5 {1-0 (48) Narayanan,S (2529)-Vidit,S (2707) Xingtai 2019}) 12. Ne2 gxf4 13. Bxf4 Nde5 14. Nxe5 Nxe5 15. Ng3 (15. Qd2 $11 {remains equal.}) 15... Qb6 $17 16. Bxe5 dxe5 17. Qf3 Bg5 {And now ...Bd7 would win.} 18. h4 Qe3+ 19. Qxe3 Bxe3 20. Ke2 {White is on the road to losing.} Ba7 21. Rad1 Bd7 22. Kf3 Ke7 23. Rh2 Rhg8 24. Bh3 Ba4 25. Rhd2 Rac8 26. Bf1 Rg6 (26... Rxc2 27. Rxc2 Bxc2 28. Rc1 $11) (26... Bxc2 27. Rd7+ Kf8 28. R1d2 $15) 27. Nh5 (27. b3 {was worth a try.} Bc6 28. Bh3) 27... Bd4 $19 ({Weaker is} 27... Rxc2 28. Rxc2 Bxc2 29. Rc1 $17) ({Not} 27... Bxc2 28. Rd7+ Kf8 29. R1d2 $15) 28. Bd3 $2 (28. b3 Bc6 29. Bh3) 28... Rcg8 29. Rg2 f5 30. exf5 Bc6+ {[%mdl 64] [#] Skewer} 31. Ke2 exf5 {Black is clearly winning.} ({Inferior is} 31... Bxg2 32. fxg6 Bxb2 33. Ng3 $11) 32. Ng3 (32. Rh2 $142 Rxg4 33. Bxf5 Rg2+ 34. Rxg2 Rxg2+ 35. Kd3) 32... Bxg2 33. Nxf5+ Kf6 34. Nxd4 Rxg4 {[%mdl 64] [#] Double Attack} 35. Nf5 e4 36. Nxh6 Bf3+ {Accuracy: White = 45%, Black = 92%.} 0-1

[Event "Prague Festival Masters 2020"]
[Site "Prague"]
[Date "2020.02.13"]
[Round "2.1"]
[White "Shankland, Sam"]
[Black "Navara, David"]
[Result "1/2-1/2"]
[WhiteElo "2683"]
[BlackElo "2717"]
[Annotator "TA"]
[PlyCount "75"]
[EventDate "2020.02.12"]
[EventType "tourn"]
[EventCountry "CZE"]
[SourceTitle "playchess.com"]
[Source "ChessBase"]
[SourceQuality "1"]

{[%evp 18,75,15,18,14,9,11,11,13,11,17,11,23,0,6,3,12,0,4,0,15,17,18,0,0,0,0,0,0,0,0,-2,0,0,0,0,0,0,0,0,5,0,0,0,0,0,0,0,0,0,0,0,0,0,0,0,0,0,0,0]} 1. d4 Nf6 2. c4 e6 3. g3 d5 4. Bg2 Be7 5. Nf3 O-O 6. O-O dxc4 7. Qc2 a6 8. a4 Bd7 9. Qxc4 Bc6 10. Bf4 Bd6 {E05: Open Catalan: 5 Nf3 Be7.} 11. Qc1 a5 {11...Nbd7 is the fancy move.} 12. Nc3 Bxf4 13. Qxf4 Qd6 {[#]} 14. Rfc1 $146 ({Predecessor:} 14. Qh4 Bxf3 15. Bxf3 c6 16. Rfd1 Qb4 17. Rab1 Nd5 18. Be4 h6 19. Bc2 Qe7 20. Qe4 {1-0 (56) Gupta,A (2654)-Sachdev,T (2398) Pune 2016}) 14... Na6 15. Ne5 Bxg2 {The position is equal.} 16. Kxg2 Rad8 17. e3 c5 18. Nb5 Qd5+ 19. Qf3 cxd4 20. exd4 Qxf3+ 21. Kxf3 Nd5 22. Nc4 b6 $1 23. Ne3 Nab4 24. Rc4 Rd7 25. Ke2 Rfd8 26. Rac1 Na2 (26... g5 {with more complications.} 27. Rc8 Kf8 28. Ng4 f6 29. Ne3 Ke7) 27. Rd1 Nab4 28. Nxd5 Rxd5 29. Rdc1 e5 30. Rc8 {next Rxd8+ is good for White.} exd4 31. Rxd8+ Rxd8 32. Nxd4 $11 {[%mdl 4096] Endgame KRN-KRN} g6 33. Rc4 Kg7 34. h4 h5 35. b3 {[%cal Bb2b3,Bb3b4][%mdl 32]} Na6 36. Nf3 Re8+ 37. Kf1 Nc5 38. b4 {Accuracy: White = 100%, Black = 100%.} 1/2-1/2

[Event "Prague Festival Masters 2020"]
[Site "Prague"]
[Date "2020.02.13"]
[Round "2.2"]
[White "Grandelius, Nils"]
[Black "Firouzja, Alireza"]
[Result "1/2-1/2"]
[WhiteElo "2659"]
[BlackElo "2726"]
[Annotator "TA"]
[PlyCount "160"]
[EventDate "2020.02.12"]
[EventType "tourn"]
[EventCountry "CZE"]
[SourceTitle "playchess.com"]
[Source "ChessBase"]
[SourceQuality "1"]

{[%evp 18,160,19,16,21,22,22,18,21,16,18,14,27,20,26,1,7,0,0,8,18,4,31,0,0,0,0,0,0,0,2,0,6,9,9,8,27,27,27,22,30,39,29,27,31,27,20,22,23,14,51,36,123,122,119,122,157,145,178,178,180,166,173,173,156,70,79,79,60,72,102,102,102,72,80,77,79,78,85,81,113,113,113,113,113,113,113,113,173,173,166,166,166,166,166,166,166,166,166,166,166,8,8,8,8,8,8,8,8,8,166,166,166,8,8,8,27,8,8,8,166,8,8,8,8,0,8,0,8,0,166,166,166,166,166,166,166,166,166,166,235,235,235,235,235]} 1. e4 e5 2. Nf3 Nc6 3. Bb5 Nf6 4. O-O Nxe4 5. Re1 Nd6 6. Nxe5 Be7 7. Bf1 Nxe5 8. Rxe5 O-O 9. d4 Bf6 10. Re1 Re8 {C67: Ruy Lopez: Berlin Defence: 4 0-0 Nxe4.} 11. Bf4 Rxe1 12. Qxe1 Ne8 {The position is equal.} 13. c3 d5 14. Nd2 g6 15. Nf3 c6 16. Bd3 Ng7 17. Bh6 {[#]} Nf5 $146 ({Predecessor:} 17... Be6 18. h3 Qc7 19. Qd2 Re8 20. Re1 Qc8 21. g4 Be7 22. Qf4 {½-½ (22) Yusin,J-Sodomski,A (2295) ICCF email 2018}) 18. Bxf5 Bxf5 19. h3 Be4 20. Nd2 Qe7 21. Qe3 Re8 22. Qf4 Bf5 23. Nf3 Qd8 24. Ne5 Be7 25. g4 Be6 26. Re1 Bd6 27. Bg5 Qb6 28. b4 Qc7 29. Bf6 b6 30. h4 c5 $1 31. bxc5 ({Much worse is} 31. Qh6 Bf8 $15) 31... bxc5 32. h5 {aiming for Qg5.} cxd4 33. cxd4 $40 {[%mdl 128] White has some attack.} Qc3 (33... Qa5 $5 {[%cal Ra5e1]} 34. Rb1 Qxa2 $11) 34. Rb1 {[%cal Be1b1,Bb1b7,Bb7a7][%mdl 32]} Bf8 (34... Qc2 $14 35. Rb7 Qd1+ 36. Kg2 Bxe5 37. Bxe5 Qxg4+ 38. Qxg4 Bxg4) 35. hxg6 $16 fxg6 36. Kg2 Qc2 37. Rb7 {White wants to mate with Rxh7!} Rc8 38. Rxa7 Qe4+ 39. Qxe4 dxe4 40. a4 Bd5 41. Rd7 (41. Ra5 $1 $16 {[%cal Ra5d5]} Bb7 42. Rb5) 41... Be6 $14 42. Rd8 Rxd8 43. Bxd8 $16 {[%mdl 4096] Endgame KBB-KBN} Bd6 44. Kg3 Kf8 45. Kf4 Bd5 46. a5 {[%cal Ba4a5,Ba5a6,Ba6a7][%mdl 32]} Ke8 {[#]} 47. Bb6 $1 Bb4 {[#]} 48. Ke3 $1 Ba3 49. a6 Bc1+ 50. Ke2 Bf4 51. a7 Ke7 52. Ke1 Bxe5 (52... Bb7 $16 {keeps fighting.}) 53. dxe5 {KB-KB} Ke6 54. Bc7 h5 55. gxh5 gxh5 56. Kf1 h4 57. Kg1 h3 58. Kh2 e3 59. f4 $2 (59. fxe3 $18 Bg2 60. Bd6) 59... e2 $11 60. Ba5 Bg2 61. Be1 $1 Kf5 $1 62. Kg1 Bd5 63. Bg3 Kg4 $2 (63... Bf3 $1 $11 {and Black stays safe.} 64. Kh2 Bg2) 64. Kh2 $18 {Black must now prevent e6!} Kf5 65. Bf2 $2 ({White has to play} 65. Kxh3 $18 e1=B 66. Bxe1 Kxf4 67. Bc3) 65... Bg2 $1 $11 66. Kg3 Bd5 67. Be1 Bg2 $1 68. Bd2 Bd5 $2 (68... Ke6 $1 $11 {and Black has nothing to worry.}) 69. Kh2 $2 (69. Kxh3 $18 e1=B 70. Bxe1 Kxf4 71. Bc3) 69... Bg2 70. Kg1 Bc6 71. Be1 {With the idea Kh2.} Bd5 72. Bg3 {And now Kf2 would win.} Kg4 73. Kh2 $2 (73. Bf2 $11 Kf5 74. Kh2) 73... Kf5 $1 $18 74. Kxh3 {Hoping for Kh4.White is clearly better.} e1=Q 75. Bxe1 Kxf4 76. Bg3+ Kf5 77. Kh4 Ke6 78. Kg5 Kd7 (78... Be4 {might work better.}) 79. Kf6 {Strongly threatening e6+.} Kc8 80. e6 {Intending e7 and mate.} Kb7 {Accuracy: White = 79%, Black = 80%.} 1/2-1/2

[Event "Prague Festival Masters 2020"]
[Site "Prague"]
[Date "2020.02.13"]
[Round "2.3"]
[White "Anton Guijarro, David"]
[Black "Vidit, Santosh Gujrathi"]
[Result "1/2-1/2"]
[WhiteElo "2697"]
[BlackElo "2721"]
[Annotator "TA"]
[PlyCount "98"]
[EventDate "2020.02.12"]
[EventType "tourn"]
[EventCountry "CZE"]
[SourceTitle "playchess.com"]
[Source "ChessBase"]
[SourceQuality "1"]

{[%evp 14,98,17,19,10,10,16,14,14,12,5,10,14,6,8,18,12,15,19,16,9,17,10,3,6,6,16,0,0,0,18,0,28,9,40,31,41,39,47,26,18,18,35,0,-12,-22,-7,-9,0,-6,0,0,0,0,11,12,16,0,12,12,55,0,0,0,19,22,243,219,170,239,241,240,235,216,226,215,205,186,166,0,0,0,0,0,0,0,0]} 1. d4 Nf6 2. c4 e6 3. Nf3 d5 4. Nc3 Bb4 5. Bg5 h6 6. Bxf6 Qxf6 7. Qa4+ Nc6 8. e3 O-O {D38: Queen's Gambit Declined: Ragozin Defence (4 Nf3 Bb4).} 9. Be2 dxc4 10. O-O Bd7 11. Bxc4 Bxc3 12. bxc3 Rfd8 {Threatening ...Nxd4.} 13. Be2 Be8 {...Nxd4 is the strong threat.} 14. Qa3 Qe7 15. Qb2 b6 16. c4 Na5 {[%cal Bc6a5,Ba5b7,Bb7c5][%mdl 32]} 17. e4 Qf6 {[#]} 18. Qd2 $146 ({Predecessor:} 18. Rad1 c5 19. e5 Qf4 20. dxc5 Nxc4 21. Qc1 Qxc1 22. Rxc1 Na5 23. cxb6 axb6 24. Rb1 {½-½ (32) Ding,L (2801)-Giri,A (2776) Kolkata 2019}) 18... e5 {[%cal Re5d4]} 19. d5 Bd7 20. Qe3 Nb7 21. Nd2 Nc5 22. Nb3 Qd6 23. g3 Re8 24. Rfc1 a5 25. Nxc5 Qxc5 26. Qxc5 bxc5 27. Rab1 Reb8 28. Rb5 a4 29. a3 Bxb5 30. cxb5 $11 {[%mdl 4096] Endgame KRR-KRB} Kf8 31. Rxc5 Ra7 32. Kg2 Rb6 33. f4 exf4 34. gxf4 g5 35. Kf3 gxf4 36. e5 Rg6 37. Kxf4 (37. Bd3 $14 Rb6 38. Kxf4) 37... Rg2 38. Bg4 Rd2 39. Ke3 Rb2 $2 ({Avoid the trap} 39... Rxh2 $2 40. d6 $18) (39... Ra2 $11 {and Black has nothing to worry.}) 40. d6 $1 $18 {[%cal Rd6c7]} cxd6 41. exd6 Ra8 42. d7 $1 {[%mdl 1024] White threatens Rc8+ and mate. White has strong compensation.} Rd8 43. Kd4 $1 Ke7 44. Re5+ Kd6 {[#] Threatens to win with ...Rd2+.} 45. Rd5+ $1 Kc7 {[#]} 46. Kc5 $2 ({Only move:} 46. Ke5 $1 $18) 46... Rc2+ $1 $11 {The position is equal.} (46... Rxh2 $6 47. b6+ Kb7 48. Kd6 $16) 47. Kb4 {aiming for Rc5+.} Rb2+ 48. Kc5 Rc2+ $1 ({But not} 48... Rxh2 49. b6+ Kb7 50. Kd6 $16) 49. Kb4 {And now Rc5+ would win.} Rb2+ {Accuracy: White = 92%, Black = 86%.} 1/2-1/2

[Event "Prague Festival Masters 2020"]
[Site "Prague"]
[Date "2020.02.13"]
[Round "2.4"]
[White "Harikrishna, Pentala"]
[Black "Duda, Jan-Krzysztof"]
[Result "1/2-1/2"]
[WhiteElo "2713"]
[BlackElo "2755"]
[Annotator "TA"]
[PlyCount "61"]
[EventDate "2020.02.12"]
[EventType "tourn"]
[EventCountry "CZE"]
[SourceTitle "playchess.com"]
[Source "ChessBase"]
[SourceQuality "1"]

{[%evp 21,61,0,25,-4,0,-4,0,-2,-2,-7,0,-7,-7,-7,-7,-6,-6,-11,-10,-6,-8,-9,-6,-5,0,0,0,0,0,0,0,0,0,0,0,0,0,0,0,0,0,0]} 1. d4 Nf6 2. c4 e6 3. g3 Bb4+ 4. Nd2 c5 5. dxc5 Bxc5 6. Bg2 Nc6 7. Ngf3 b6 8. O-O Bb7 9. b3 O-O 10. Bb2 d5 11. cxd5 Nxd5 12. Ne4 {D02: 1 d4 d5 2 Nf3 sidelines, including 2...Nf6 3 g3 and 2...Nf6 3 Bf4.} Be7 {The position is equal.} 13. Nd4 Rc8 14. Rc1 Qd7 15. Nxc6 Bxc6 {[#]} 16. Nc3 $146 (16. a3 {seems wilder.} Rfd8 17. e3 f5 18. Qd4 Bf8 19. Nd2) ({Predecessor:} 16. Qd4 f6 17. Rfd1 Rfd8 18. Bh3 Bf8 19. Rd2 Qe8 20. Rcd1 Bb4 21. Ng5 e5 22. Qe4 Qg6 23. Be6+ Kh8 24. Nf7+ Qxf7 25. Bxf7 Bxd2 26. Rxd2 Ne7 27. Rxd8+ Rxd8 28. Qc2 {1-0 (27) Dragicevic,D (2306)-Kjartansson,G (2464) Vaxjo 2017}) 16... Nxc3 17. Rxc3 Qxd1 18. Rxd1 Bb5 19. Bf3 Rxc3 20. Bxc3 Rc8 21. Bd2 Rd8 22. Kf1 Bb4 23. Ke1 Rxd2 24. Rxd2 $11 {[%mdl 4096] Endgame KRB-KB} Kf8 25. a3 Bc3 26. Kd1 {[#] And now Rd8+ would win.} Bxd2 27. Kxd2 Ke7 28. e3 Kd6 29. Be4 h6 30. Kc3 f6 31. f4 {Accuracy: White = 93%, Black = 100%.} 1/2-1/2

[Event "Prague Festival Masters 2020"]
[Site "Prague"]
[Date "2020.02.13"]
[Round "2.5"]
[White "Ragger, Markus"]
[Black "Vitiugov, Nikita"]
[Result "1/2-1/2"]
[WhiteElo "2670"]
[BlackElo "2731"]
[Annotator "TA"]
[PlyCount "72"]
[EventDate "2020.02.12"]
[EventType "tourn"]
[EventCountry "CZE"]
[SourceTitle "playchess.com"]
[Source "ChessBase"]
[SourceQuality "1"]

{[%evp 14,72,23,4,30,0,0,0,0,0,0,0,0,0,10,0,13,21,13,0,0,0,37,37,41,22,54,51,51,48,48,45,64,62,65,62,91,58,66,54,59,39,33,29,39,45,33,23,24,25,85,29,26,33,36,30,29,0,34,0,40]} 1. e4 e6 2. d4 d5 3. Nc3 Nf6 4. e5 Nfd7 5. f4 c5 6. Nf3 Nc6 7. Be3 a6 8. a3 Qb6 {C11: French: Classical System: 4 e5 and 4 Bg5 dxe4.} 9. Be2 cxd4 10. Nxd4 Bc5 {[%cal Rc5d4]} 11. Na4 Qa5+ {[%mdl 64] [#] Double Attack} 12. c3 {Strongly threatening Nxc6.} Bxd4 13. Bxd4 Nxd4 14. Qxd4 Qc7 {And now ...b5 would win.} 15. b4 O-O 16. O-O b5 17. Nb2 $1 Bb7 18. a4 bxa4 {[#]} 19. Rxa4 $146 ({Predecessor:} 19. Nxa4 Rfc8 20. Rfb1 g6 21. Ra3 Bc6 22. Nb2 Bb5 23. Kf2 Bxe2 24. Kxe2 a5 25. Rba1 {½-½ (65) Szalanczy,E (2347)-Horvath,D (2349) Budapest 2011}) 19... Rfc8 20. Ra3 $1 a5 21. b5 Nc5 22. Rfa1 Rab8 23. Na4 Ne4 24. Bd3 h6 {[#]} 25. c4 $1 {[%mdl 512]} Nc5 (25... dxc4 26. Bxe4) 26. Qxc5 Qxc5+ 27. Nxc5 Rxc5 28. cxd5 Rxd5 29. Bf1 Rd4 30. g3 Bd5 31. Rxa5 Rd2 (31... Rb4 $11) 32. Rc1 ({Better is} 32. Rb1 $16) 32... Rb2 $11 33. Raa1 Be4 $1 34. Ra4 Bd5 35. Raa1 Be4 $1 36. Ra4 Bd5 $1 {Accuracy: White = 86%, Black = 80%.} 1/2-1/2